UBT Library

Prentice Hall's handbook of laboratory & diagnostic tests : (Record no. 40745)

000 -LEADER
fixed length control field 01193cam a22003614a 4500
001 - CONTROL NUMBER
control field 15095026
005 - DATE AND TIME OF LATEST TRANSACTION
control field 20180123043214.0
008 - FIXED-LENGTH DATA ELEMENTS--GENERAL INFORMATION
fixed length control field 071121s2009 njua bf 001 0 eng
010 ## - LIBRARY OF CONGRESS CONTROL NUMBER
LC control number 2007048240
015 ## - NATIONAL BIBLIOGRAPHY NUMBER
National bibliography number GBA806057
Source bnb
016 7# - NATIONAL BIBLIOGRAPHIC AGENCY CONTROL NUMBER
Record control number 101321574
Source DNLM
016 7# - NATIONAL BIBLIOGRAPHIC AGENCY CONTROL NUMBER
Record control number 014492986
Source Uk
020 ## - INTERNATIONAL STANDARD BOOK NUMBER
International Standard Book Number 9780135142783 (pbk.)
020 ## - INTERNATIONAL STANDARD BOOK NUMBER
International Standard Book Number 0135142784 (pbk.)
035 ## - SYSTEM CONTROL NUMBER
System control number (OCoLC)ocn182613552
035 ## - SYSTEM CONTROL NUMBER
System control number (OCoLC)182613552
040 ## - CATALOGING SOURCE
Original cataloging agency DNLM/DLC
Transcribing agency DLC
Modifying agency NLM
-- BAKER
-- YDXCP
-- UKM
-- C#P
-- DLC
041 ## - LANGUAGE CODE
Language code of text/sound track or separate title eng
042 ## - AUTHENTICATION CODE
Authentication code pcc
060 00 - NATIONAL LIBRARY OF MEDICINE CALL NUMBER
Classification number 2008 E-119
060 10 - NATIONAL LIBRARY OF MEDICINE CALL NUMBER
Classification number QY 39
Item number K26h 2009
080 ## - UNIVERSAL DECIMAL CLASSIFICATION NUMBER
Universal Decimal Classification number 616.075 KEE
082 00 - DEWEY DECIMAL CLASSIFICATION NUMBER
Classification number 616.075 KEE
Edition number 22
100 1# - Rafti
Rafti 5
101 ## - Shkurtesa
Shkurtesa FAR
245 10 - TITLE STATEMENT
Title Prentice Hall's handbook of laboratory & diagnostic tests :
Statement of responsibility, etc Joyce LeFever Kee.
246 3# - VARYING FORM OF TITLE
Title proper/short title Prentice Hall's handbook of laboratory and diagnostic tests
246 30 - VARYING FORM OF TITLE
Title proper/short title Handbook of laboratory and diagnostic tests
504 ## - BIBLIOGRAPHY, ETC. NOTE
Bibliography, etc Includes bibliographical references (p. 655-663) and index.
906 ## - LOCAL DATA ELEMENT F, LDF (RLIN)
a 7
b cbc
c orignew
d 1
e ecip
f 20
g y-gencatlg
942 ## - ADDED ENTRY ELEMENTS (KOHA)
Source of classification or shelving scheme
Item type Books
Holdings
Withdrawn status Lost status Source of classification or shelving scheme Damaged status Not for loan Collection code Permanent location Current location Shelving location Date acquired Total Checkouts Full call number Barcode Date last seen Price effective from Koha item type
          Koleksioni i përgjithshem UBT - Lipjan UBT - Lipjan Koleksioni i përgjithshem 01/23/2018   616.075 KEE 002-2996209 01/23/2018 01/23/2018 Books
UBT Library © 2015-2024. All rights reserved University Education for Business and Technology